banner-ar

المؤرخون والدولة والسياسة فى مصر القرن العشرين : (Record no. 63834)

MARC details
000 -الفاتح
حقل البيانات ثابتة الطول 01265nam a22002897a 4500
005 - وقت وتاريخ اخر تعامل مع التسجيلة
رقم الضبط 20240530110701.0
008 - عناصر البيانات ثابتة الطول - معلومات عامة
حقل البيانات ثابتة الطول 171225s2014 ua a g b 000 0dara d
017 ## - رقم الايداع القانونى
رقم الايداع القانونى 2013/1773
المصدر ( الهيئة المختصة) مصر. دار الكتب
020 ## - الرقم الدولى المعيارى للكتب
الرقم الدولى المعيارى للكتاب 9789774487316
040 ## - مصدر الفهرسة
وكالة الفهرسة الأصلية EG-CaGPL
وكالة النسخ EG-CaGPL
082 04 - رقم تصنيف ديوى العشرى
رقم الطبعة 21
رقم التصنيف 907.2
رقم المادة ق/ج م
100 1# - المدخل الرئيسى - إسم شخصى
الإسم الشخصى جورمان ، انتونى
245 12 - بيان العنوان
العنوان المؤرخون والدولة والسياسة فى مصر القرن العشرين :
بيان المسئوليه,etc حول تشكيل هوية الامة /
بقية العنوان تأليف انتونى جورمان ؛ ترجمة محمود شعبان عزاز ؛ مراجعة وتقديم احمد زكريا الشلق .
250 ## - بيان الطبعة
بيان الطبعة ط.1
260 ## - PUBLICATION, DISTRIBUTION, ETC. (IMPRINT)
تاريخ النشر أو التوزيع 2014 .
300 ## - الوصف المادى
التعداد 439 ص. ؛
أبعاد الوعاء 24 سم.
490 ## - بيان السلسلة
عنوان السلسلة المركز القومى للترجمة ؛
رقم المجلد/ التعيين التسلسلي 2257
600 0# - المدخل الاضافى بالموضوع-اسم شخصى
الإسم الشخصى احمد عزت عبدالكريم
650 07 - المدخل الاضافى بالموضوع-مصطلح موضوعى
مصدر الرأس أو المصطلح qrmak
مصطلح موضوعي المؤرخون
650 07 - المدخل الاضافى بالموضوع-مصطلح موضوعى
مصدر الرأس أو المصطلح qrmak
مصطلح موضوعي الليبرالية
التقسيم الفرعي الجغرافي مصر
650 07 - المدخل الاضافى بالموضوع-مصطلح موضوعى
مصدر الرأس أو المصطلح qrmak
مصطلح موضوعي الراديكالية
651 ## - المدخل الاضافى بالموضوع - اسم جغرافى
مصدر الرأس أو المصطلح qrmak
700 0# - المدخل الاضافى - اسم شخصى
الإسم الشخصى محمود شعبان عزاز
الدور مترجم
700 0# - المدخل الاضافى - اسم شخصى
الإسم الشخصى احمد زكريا الشلق
الدور مراجع ومقدم
942 ## - عناصر المدخل الإضافي( كوها)
مصدر التصنيف او مخطط الترفيف Dewey Decimal Classification
Koha [default] item type كتاب
260 ## - PUBLICATION, DISTRIBUTION, ETC. (IMPRINT)
-- القاهرة :
-- المركز القومى للترجمة ،
Holdings
حالة التراجع حالة الفقد حالة تلف ليس للاعارة المكان المؤقت الموقع الحالى موقع الترفيف تاريخ الاكتساب اجمالي اﻻعارات رقم الطلب الباركود تاريخ اخر مشاهدة تاريخ تفعيل السعر نوع وعاء كوها
        مكتبة القاهرة الكبرى مكتبة القاهرة الكبرى   01/10/2018   907.2 ق/ج م 163946 01/10/2018 01/10/2018 كتاب

Powered By

EGPV